000 00682caa a22001692a 4500
001 020369
003 AR-FADEU
008 311216n########xxu####################dd
092 _a415
_bC574
100 _aMunaro, Nicola
245 _aQu`est-ce-que (qu)-est-ce que? : a case study in comparative romance interrogative syntax
300 _aPP. 542-606
500 _aEn: The Oxford handbook of comparative syntax / ed. Guglielmo Cinque. New York : Oxford University Press, 2005
700 _aJean-Yves, Pollock
942 _cBDGR
999 _c26093
_d26093
773 0 _026080
_925106
_aCinque, Guglielmo, ed.
_b
_dNew York
_o05365
_tThe Oxford handbook of comparative syntax
_w( AR-FADEU) 020356
_x
_z0-19-513650-0